|
|
|
|
| LEADER |
00000cam a2200000 7i4500 |
| 001 |
0000005256 |
| 002 |
000005679 |
| 005 |
20080428.0 |
| 020 |
|
|
|a 9839668188
|
| 090 |
0 |
0 |
|a 297.2
|b ALS
|
| 100 |
1 |
|
|a Al Safi, Sheikh Osman Abdulkadar
|
| 245 |
0 |
0 |
|a Accountability :
|b a comparative study of human responsibility between Islam and man-made doctrines
|c Sheikh Osman Abdulkadar Al-Safi .
|p translated to-Arabia by Muhamad Badawi
|
| 260 |
|
|
|a Kuala Lumpur :
|b Darulfikir ,
|c 1992
|
| 300 |
|
|
|a 103p. ;
|c 21cm.
|
| 490 |
0 |
|
|a Studies in the Fundamentals of Religion
|
| 650 |
0 |
0 |
|a Faith and reason
|x Islam
|
| 700 |
1 |
|
|a Muhamad Badawi ,
|e translated by
|
| 999 |
|
|
|a 033639
|b BUKU
|c PINJAMAN
|e PERPUSTAKAAN KOMUNITI PETALING JAYA
|